000 01375nam0a2200349 4500
001 RU\NLR\b_ik\134433
005 20250616225702.0
010 _a1-57241-095-7
_bpaperback original
035 _a(NLR Aleph) 002207744
090 _a3126935
_c3126935
100 _a20050912d2000 |||y0rusy50 ca
101 0 _aeng
102 _aRU
105 _ay |||||||||
200 1 _aCritical essays on Julian Schutting
_fed. by Harriet Murphy
210 _aRiverside (Calif.)
_cAriadne press
_dcop. 2000
215 _a211 c.
_d21
225 1 _aStudies in Austrian literature, culture, and thought
320 _aБиблиогр. в примеч. в конце ст.
320 _a"Books by Schutting": c. 205-206
320 _aУказ.: с. 208-211
541 0 _aКритические очерки о творчестве австрийского писателя Юлиана Шуттинга
_zrus
600 0 1 _aSchutting
_bJ.
_f1937-
_gJulian
_2psbo
600 0 1 _aШуттинг
_bЮ.
_f1937
_gЮлиан
_92401667
_3RU\NLR\AUTH\661431563
606 1 _aSchutting,Julian,1937-Criticism and interpretation
_2lcsh
676 _a838'.91409
_v21
686 4 _aШ5(4А)6-4Шуттинг
702 1 _aMurphy
_bH.
_f1960-
_gHarriet
_4340
801 0 _aRU
_bNLR
_c20050912
_gPSBO
942 _cBOOK
980 _aNB